000 nam a22 a 4500
999 _c1885
_d1885
005 20170512113845.0
008 170512b1982 enk||||| |||| 00| 0 eng d
020 _a0803918593 (pbk)
_cUnpriced
020 _a0803918585 (cased)
_cUnpriced
040 _aAKMAL
082 _218
_a345.7307 FOR
090 _a345.7307
_bFOR
245 0 0 _aSentencing reform
_bexperiments in reducing disparity /
_cMartin L. Forst, editor.
260 _aBeverly Hills, [Calif.]
_aLondon
_bSage
_cc1982.
300 _a247p.
_bill.
_c23cm
490 _aSage criminal justice system annuals
_vv.17
500 _aIncludes index.
650 _aSentences (Criminal procedure)
_zUnited States.
_93910
650 _aSentences (Criminal procedure)
_zCalifornia.
_93911
700 _aForst, Martin L.
_q(Martin Lyle)
_93912
852 _aBritish Library
_bHMNTS
942 _2ddc
_cBOOK